| 000 | 00545nam a22001937a 4500 | ||
|---|---|---|---|
| 999 |
_c6077 _d6077 |
||
| 003 | GBCCL | ||
| 005 | 20241126110555.0 | ||
| 008 | 180430b ||||| |||| 00| 0 eng d | ||
| 020 | _a0767398653 | ||
| 040 | _cgbc | ||
| 082 |
_a248.5 _bFAY |
||
| 100 |
_aFay, Bill _910944 |
||
| 245 |
_aFearless: _bSharing an authentic witness / _cBill Fay & Dean Finley |
||
| 260 |
_bLifeWay Christian Resources, _aNashville: _c1999 |
||
| 300 |
_a95 p.; _c23 cm. |
||
| 650 |
_aWitness bearing _xChristianity _910945 |
||
| 650 |
_aApologetics _985 |
||
| 942 |
_2ddc _cBK |
||